000 00604nam a22001817a 4500
003 0
005 20231106140136.0
008 231106b xxu||||| |||| 00| 0 eng d
020 _a978-971-9654-57-5
050 _aLB 2369
_b.Se47 2021
100 _aSerrano, Angelita Ong Camilar
245 _aPractical research 1 : qualitative research
_cAngelita Ong Camilar Serrano
260 _aManila
_bUnlimited Books Library Services & Publishing Inc.
_cc2021.
300 _ax, 238 pages ;
_c25 cm.
504 _aIncludes bibliographical references.
650 _aQualitative research.
942 _2lcc
_cBK
999 _c365576
_d365576